| 000 | 00758nam a2200253Ia 4500 | ||
|---|---|---|---|
| 003 | OSt | ||
| 005 | 20221005085358.0 | ||
| 006 | a|||||r|||| 00| 0 | ||
| 007 | ta | ||
| 008 | 221004b |||||||| |||| 00| 0 eng d | ||
| 020 |
_a9789351777267 (pbk) _cIndian Rupees 299 |
||
| 024 | _a70556 | ||
| 037 |
_bGift, 03/12/2021, _cTextual |
||
| 040 |
_aCRL _cCRL _beng |
||
| 041 |
_2eng _aeng |
||
| 082 | _aDelta2:3, Q6 | ||
| 100 |
_aSwami Om Au. _9614155 |
||
| 245 | 0 |
_aWhen all is not well _b depression, sadness and healing a yogic perspective |
|
| 260 |
_aNew York _bElement USA _c2016 |
||
| 300 |
_a188p. _ccm. |
||
| 650 | _aSPIRITUALISM | ||
| 942 |
_hDelta2:3, Q6 _cTEXL _2cc |
||
| 999 |
_c994145 _d994145 |
||